000 00267nam a2200109Ia 4500
008 190216s9999||||xx |||||||||||||| ||und||
100 _aJames Scott
245 4 _aThe Making Of Literature
260 _bMercury Books
_c1963
650 _aEnglish Literature
942 _cBK
999 _c11597
_d11597